00831 2200337 4500001002100000005001500021035002000036007000300056008004100059020001800100082001000118084001400128100003000142245007000172250001000242260003100252300003400283650001100317700002300328520002600351990001300377990001300390990001100403990001300414990001100427990001100438990001100449990001100460990001100471990001100482INLIS00000000000210020180723100410 a0010-0718000052ta180723 g 0 ind  a9786023756469 a331.7 a331.7 RES0 aRESIGN, Itu "Dipraktekin"1 aResign Itu "Dipraktekin" /cTim Wesfix; editor, Adinto F. Susanto acet.1 aJakarta :bGrasindo,c2016 ax, 141 hlm. :bilus. ;c20 cm aKARIER0 aADINTO, F. Susanto abibliografi: hlm. 141 a*16598a* a*16598b* a16598b a*16598a* a16598a a16598b a16598a a16598b a16598b a16598a